00563nam a2200157 u 450000100100000000500170001000800410002704000250006808200150009310000460010824500600015426000390021430000220025395201130027599900170038800002027720200929170338.0100802s20uu dr r 000 0 spa d aDO-SdBNPbspacBNPHU axxxxbxxxx1 aJiménez Collie, Desiréed1965-94290710aBiografía del silencio /cDesirée Jiménez collie. a[Santo Domingo] :bKamar,c[20--]. a53 p. : ;c23 cm. 0010718PDaPDbPDcHDd2017-02-17iLF1l0oxxxx xxxxp20277-10r2020-06-25w2020-06-25yLFPDZNo se presta c19781d19781